King Lear Franchise - Statistics

General Stats
  • This quiz has been taken 13 times
  • The average score is 12 of 27
Answer Stats
Type Year Name Info % Correct
Play 1606 King Lear William Shakespeare
100%
Short Film 1910 King Lear Pathé Frères
100%
Film 1916 King Lear Pathé Exchange
100%
TV Film 1953 King Lear CBS
100%
Film 1971 King Lear Gosinko USSR
100%
Film 1971 King Lear Columbia
100%
TV Film 1983 King Lear Channel 4
100%
Film 1987 King Lear Cannon Films
100%
Film 1999 King Lear A-Z Russian Services / Cromwell Productions Ltd. / Lamancha Productions / Youel Murray
100%
TV Film 2008 King Lear Channel 4 / Thirteen/WNET
100%
TV Film 2018 King Lear BBC Two
100%
Opera 1978 Lear Aribert Reimann
30%
Overture 1831 Le Roi Lear Hector Berlioz
10%
Libretto 1896 Re Lear Antonio Somma
10%
Screenplay 2000 The Tragedy of King Lear Harold Pinter
10%
Novel 1991 A Thousand Acres Jane Smiley
0%
Film 1997 A Thousand Acres Buena Vista Pictures
0%
Play 1971 Bond Edward Bond
0%
Novel 2009 Fool Christopher Moore
0%
Film 1997 Gypsy Lore BR / Európa 2000 Kft / Gala Film / Macropus Film OHG
0%
TV Film 2002 King of Texas TNT
0%
Opera 2000 Kuningas Lear Aulis Sallinen
0%
Novel 1887 La Terre Émile Zola
0%
Play 1907 Safed Khoon Agha Hashar Kashmiri
0%
Play 1681 The History of King Lear Nathum Tate
0%
Play 1892 The Yiddish King Lear Jacob Gordin
0%
Opera 1998 Vision of Lear Toshio Hosokawa
0%
No matching quizzes found
Score Distribution
Percent of People with Each Score
Percentile by Number Answered
Your Score History
You have not taken this quiz